000 nam a22 7a 4500
999 _c3751
_d3751
005 20170523164136.0
008 170523b1997 enk||||| |||| 00| 0 eng d
020 _a1857328167
040 _aAKMAL
082 _a739.27 GIL
090 _a739.27
_bGIL
245 0 0 _a Miller's jewellery antiques checklist /
_cconsultant, Stephen Giles ; with contributions from Barbara Cartlidge ... [et al.] ; general editor, Judith Miller.
246 1 4 _aJewellery antiques checklist
246 1 8 _aJewellery
260 _aLondon :
_b Miller's,
_cc1997
300 _ccm
504 _a Includes bibliographical references (p. 184) and index.
650 0 _aJewelry
_xCollectors and collecting.
_97417
700 1 _aGiles, Stephen.
_97418
700 1 _aCartlidge, Barbara,
_d1922-
_97419
700 1 _aMiller, Judith,
_d1951-
_97420
942 _2ddc
_cBOOK